Essais / (Record no. 79178)
[ view plain ]
| 000 -LEADER | |
|---|---|
| fixed length control field | 00667cam7a220020500 4500 |
| 001 - CONTROL NUMBER | |
| control field | qcf00001846 |
| 005 - DATE AND TIME OF LATEST TRANSACTION | |
| control field | 20190816084220.0 |
| 008 - FIXED-LENGTH DATA ELEMENTS--GENERAL INFORMATION | |
| fixed length control field | 751118s1962 fr 000 0 fre d |
| 035 ## - SYSTEM CONTROL NUMBER | |
| System control number | (Sirsi) r123327 |
| 035 ## - SYSTEM CONTROL NUMBER | |
| System control number | (QCAT)lss01100369 |
| 035 ## - SYSTEM CONTROL NUMBER | |
| System control number | (UPRA)qcf00001846 |
| 040 ## - CATALOGING SOURCE | |
| Modifying agency | UPRA |
| 100 1# - MAIN ENTRY--PERSONAL NAME | |
| Personal name | Montaigne, Michel de, 1533-1592. |
| Dates associated with a name | Montaigne, Michel de, 1533-1592. |
| Linkage | A31902.1 |
| 245 10 - TITLE STATEMENT | |
| Title | Essais / |
| Statement of responsibility, etc. | edited by M. Rat. |
| 260 ## - PUBLICATION, DISTRIBUTION, ETC. | |
| Place of publication, distribution, etc. | Paris : |
| Name of publisher, distributor, etc. | Garnier, |
| Date of publication, distribution, etc. | [c1962] |
| 504 ## - BIBLIOGRAPHY, ETC. NOTE | |
| Bibliography, etc. note | Bibliography: v. 1, p.[xliii]-xlix. |
| 949 ## - LOCAL PROCESSING INFORMATION (OCLC) | |
| a | PQ1641 |
| v | VOL. 1 |
| w | lcc |
| i | -177385 |
| m | MAIN |
| t | BOOK |
| l | ON-SHELF |
| 949 ## - LOCAL PROCESSING INFORMATION (OCLC) | |
| a | PQ1641 |
| v | VOL. 2 |
| w | lcc |
| i | -177386 |
| m | MAIN |
| t | BOOK |
| l | ON-SHELF |
No items available.